Statistics for NBA All-Decade Team: Best NBA players of the 2010s

Click here to take the quiz!

General Stats

  • This quiz has been taken 587 times
  • The average score is 12 of 15

Answer Stats

All-Stars All-NBA PPG RPG APG Answer % Correct
101026.97.77.6LeBron James
100%
6623.54.56.6Stephen Curry
99%
10928.07.44.4Kevin Durant
96%
7624.35.26.2James Harden
94%
8823.87.38.7Russell Westbrook
89%
7424.75.14.8Kobe Bryant
86%
7618.14.49.6Chris Paul
81%
8420.14.64.7Dwyane Wade
80%
3317.76.32.4Kawhi Leonard
79%
6323.710.52.1Anthony Davis
77%
3318.88.34.1Giannis Antetokounmpo
67%
6519.86.43.3Paul George
63%
6521.99.04.5Blake Griffin
62%
8323.96.82.9Carmelo Anthony
62%
7520.88.92.1LaMarcus Aldridge
44%

Score Distribution

Percentile by Number Answered

Percent of People with Each Score

Your Score History

You have not taken this quiz